Principios de economía
Uloženo v:
| Hlavní autor: | |
|---|---|
| Další autoři: | , |
| Médium: | Kniha |
| Jazyk: | angličtina španělština |
| Vydáno: |
Madrid, España
McGraw-Hill/Interamericana de España S.A.U.
2002
|
| Vydání: | Segunda edición |
| Témata: | |
| Tagy: |
Přidat tag
Žádné tagy, Buďte první, kdo vytvoří štítek k tomuto záznamu!
|
MARC
| LEADER | 00000nam a22000007a 4500 | ||
|---|---|---|---|
| 003 | CL-VaPUC | ||
| 005 | 20210825101919.0 | ||
| 008 | 210629b ||||| |||| 00| 0 eng d | ||
| 999 | |c 433263 |d 433261 | ||
| 020 | |a 844813446X | ||
| 040 | |c Pontificia Universidad Católica de Valparaíso | ||
| 041 | 0 | |a spa | |
| 082 | 0 | 4 | |2 21 |a 330 MAN 2002 |
| 100 | |a Mankiw, N. Gregory |e autor |9 861929 | ||
| 245 | 1 | 0 | |a Principios de economía |
| 250 | |a Segunda edición | ||
| 260 | 3 | |a Madrid, España |b McGraw-Hill/Interamericana de España S.A.U. |c 2002 | |
| 300 | |a 523 páginas | ||
| 500 | |a Donación familia profesor Sergio Soto Silva. Escuela de Mecánica. | ||
| 583 | |c 20210629 |k Daniel Castañeda | ||
| 650 | 0 | 0 | |9 255568 |a Economía |x Oferta y demanda |
| 650 | 0 | 0 | |9 260301 |a Macroeconomía |x Análisis económico |
| 700 | 1 | |a Rabasco Espáriz, Esther |e traductora |9 861930 | |
| 700 | 1 | |a Toharía Cortés, Luis |e traductor |9 861931 | |
| 942 | |2 ddc |c BK | ||
| 952 | |0 0 |1 0 |2 ddc |4 0 |6 330_000000000000000_MAN_2002 |7 0 |9 578326 |a BIBMEC |b BIBMEC |d 2021-06-29 |i 562245K |o 330 MAN 2002 |p 562245K |r 2024-01-19 |t 1 |w 2021-06-29 |y BK |k MEC | ||